The designer's guide to doing research : (Record no. 353523)

000 -LEADER
fixed length control field 01404cam a22003258a 4500
001 - CONTROL NUMBER
control field 16690834
003 - CONTROL NUMBER IDENTIFIER
control field OSt
005 - DATE AND TIME OF LATEST TRANSACTION
control field 20260203104740.0
008 - FIXED-LENGTH DATA ELEMENTS--GENERAL INFORMATION
fixed length control field 110314s2012 nju 001 0 eng
010 ## - LIBRARY OF CONGRESS CONTROL NUMBER
LC control number 2011010961
020 ## - INTERNATIONAL STANDARD BOOK NUMBER
International Standard Book Number 9780470601730 (cloth : alk. paper)
040 ## - CATALOGING SOURCE
Original cataloging agency DLC
Transcribing agency DLC
042 ## - AUTHENTICATION CODE
Authentication code pcc
050 00 - LIBRARY OF CONGRESS CALL NUMBER
Classification number NA2750
Item number .A94 2012
082 00 - DEWEY DECIMAL CLASSIFICATION NUMBER
Classification number 720.72
Edition number 22
100 1# - MAIN ENTRY--PERSONAL NAME
Personal name Augustin, Sally.
9 (RLIN) 119129
245 14 - TITLE STATEMENT
Title The designer's guide to doing research :
Remainder of title applying knowledge in practice for design excellence /
Statement of responsibility, etc. Sally Augustin & Cindy Coleman.
246 30 - VARYING FORM OF TITLE
Title proper/short title Applying knowledge in practice for design excellence
260 ## - PUBLICATION, DISTRIBUTION, ETC.
Place of publication, distribution, etc. Hoboken, N.J. :
Name of publisher, distributor, etc. John Wiley & Sons,
Date of publication, distribution, etc. 2012.
263 ## - PROJECTED PUBLICATION DATE
Projected publication date 1111
300 ## - PHYSICAL DESCRIPTION
Extent xxix,302 p. :
Other physical details ill ;
Dimensions 24 cm.
500 ## - GENERAL NOTE
General note Includes index.
505 0# - FORMATTED CONTENTS NOTE
Formatted contents note Before you do design research -- Researching : context, process, and general concepts -- What to learn -- Project initiation -- Project investigation -- Project integration -- Project implementation -- Maintaining a database and research findings -- Conclusion.
650 #0 - SUBJECT ADDED ENTRY--TOPICAL TERM
Topical term or geographic name entry element Architectural design
General subdivision Research.
9 (RLIN) 32572
700 1# - ADDED ENTRY--PERSONAL NAME
Personal name Coleman, Cindy.
9 (RLIN) 119130
906 ## - LOCAL DATA ELEMENT F, LDF (RLIN)
a 0
b vip
c orignew
d 1
e ecip
f 20
g y-gencatlg
942 ## - ADDED ENTRY ELEMENTS (KOHA)
Source of classification or shelving scheme
Koha item type Book
Holdings
Withdrawn status Lost status Source of classification or shelving scheme Damaged status Not for loan Permanent Location Current Location Date acquired Full call number Barcode Date last seen Cost, replacement price Price effective from Koha item type
          School of Art Design and Architecture (SADA) School of Art Design and Architecture (SADA) 07/20/2012 720.72 AUG 2012 SADA0001732 07/25/2012 5323.00 07/25/2012 Book
© 2023 Central Library, National University of Sciences and Technology. All Rights Reserved.